000 00663nam a2200193Ia 4500
003 GCL
008 140319s9999 xx 000 0 ara d
040 _aGCL /
_cGCL
082 0 4 _a811.5
_bط ش
100 1 _aطه حسين
245 1 0 _aشرح لزوم ما لا يلزم لابى العلاء المعرى احمد بن عبدالله بن سليمان التنوخى /
_cطه حسين
700 1 _aابراهيم الابيارى
300 _a390 ص
490 _aذخائر العرب
_v0
650 0 4 _aالادب العربى
650 0 4 _aالشعر العربى - تاريخ ونقد
650 0 4 _aابوالعلاء المعرى
942 _2ddc
_cBK
999 _c47609
_d47609